Music Quiz

Random Music or Kpop Quiz

Favourite Kpop Group Members (female) Quiz Stats

 Plays Quiz not verified by Sporcle

Challenge
Share
Tweet
Embed
Score 0/59 Timer 10:00
0 Plays Today
Group Answer % Correct
F(x)Amber
98.1%
Red VelvetJoy
97.7%
Red VelvetIrene
96.6%
Red VelvetWendy
96.4%
F(x)Krystal
96.4%
F(x)Victoria
96.2%
F(x)Luna
96%
Red VelvetYeri
93.9%
Red VelvetSeulgi
92%
TwiceMomo
89.3%
TwiceSana
86.3%
TwiceTzuyu
85.7%
Orange CaramelNana
82.1%
TwiceMina
81.3%
TwiceDahyun
79.6%
TwiceNayeon
79.6%
TwiceJihyo
78.2%
Orange CaramelLizzy
70.2%
GfriendSinb
68.1%
TwiceChaeyoung
67.9%
GfriendUmji
67.6%
GfriendYuju
67.2%
TwiceJeongyeon
67.2%
GfriendYerin
65.5%
GfriendEunha
65.1%
Orange CaramelRaina
64.3%
GfriendSowon
61.1%
Wonder GirlsSunmi
57.8%
Wonder GirlsYubin
56.3%
LovelyzBaby Soul
55.3%
Group Answer % Correct
LovelyzKei
53.8%
LovelyzJin
51.7%
9musesHyuna
48.7%
LovelyzJisoo
46.4%
9musesKyungri
46.4%
Oh My GirlYooa
46.2%
Oh My GirlBinnie
46.2%
Wonder GirlsHyerim
44.5%
Oh My GirlMimi
43.9%
LovelyzMijoo
42.9%
LovelyzYein
41.8%
LovelyzJiae
39.5%
Oh My GirlArin
39.3%
Oh My GirlSeunghee
38%
Oh My GirlJiho
37.6%
Oh My GirlJine
35.5%
Wonder GirlsYenny
35.1%
Oh My GirlHyojung
34.7%
LovelyzSujeong
32.4%
9musesMinha
32.1%
9musesSojin
29.2%
9musesHyemi
28.4%
9musesEuaerin
27.9%
9musesKeumjo
26.9%
9musesSunga
25%
PlaybackHayoung
17.4%
PlaybackWoolim
17.2%
PlaybackYena
12.8%
PlaybackSoyun
8.2%

You're not logged in!

Compare scores with friends on all Sporcle quizzes.
Join for Free
OR
Log In

You Might Also Like...

Show Comments

Extras

Top Quizzes Today


Score Distribution

Your Account Isn't Verified!

In order to create a playlist on Sporcle, you need to verify the email address you used during registration. Go to your Sporcle Settings to finish the process.

Report this User

Report this user for behavior that violates our Community Guidelines.

Details: